| 000 | 00630nam a2200229Ia 4500 | ||
|---|---|---|---|
| 003 | OSt | ||
| 005 | 20221005101633.0 | ||
| 006 | a|||||r|||| 00| 0 | ||
| 007 | ta | ||
| 008 | 221004b |||||||| |||| 00| 0 hin d | ||
| 024 | _a54088 | ||
| 037 | _cTextual | ||
| 040 |
_aCRL _cCRL _bhin |
||
| 041 |
_2hin _ahin |
||
| 082 | _aO152,3NPA,1, 32J8.1 | ||
| 100 |
_aRaja C K Tr. _9622456 |
||
| 245 | 0 | _aMogalkkotarathile rahasyanga | |
| 260 |
_aTrichur _bMangalaodayam India _c1958 |
||
| 650 | _aHINDI FICTION | ||
| 942 |
_hO152,3NPA,1, 32J8.1 _cTEXL _2cc |
||
| 999 |
_c1007111 _d1007111 |
||